Regulatory framework of digital evidence in criminal proceedings - case study Albania : [abstract] /
Elmentve itt :
| Szerző: | |
|---|---|
| Testületi szerző: | |
| Dokumentumtípus: | Könyv része |
| Megjelent: |
Szegedi Tudományegyetem Állam- és Jogtudományi Doktori Iskola
Szeged
2022
|
| Sorozat: | Szegedi Jogász Doktorandusz Konferenciák
12 Az állam és jog digitális környezete a 21. században 12 |
| Kulcsszavak: | Büntetőeljárás - bizonyítás - Albánia - előadáskivonat |
| Tárgyszavak: | |
| Online Access: | http://acta.bibl.u-szeged.hu/77786 |
| LEADER | 01083naa a2200241 i 4500 | ||
|---|---|---|---|
| 001 | acta77786 | ||
| 005 | 20231205111811.0 | ||
| 008 | 221130s2022 hu o 1|| eng d | ||
| 020 | |a 978-963-306-875-5 | ||
| 022 | |a 2063-3807 | ||
| 040 | |a SZTE Egyetemi Kiadványok Repozitórium |b hun | ||
| 041 | |a eng | ||
| 100 | 1 | |a Cami Giola | |
| 245 | 1 | 0 | |a Regulatory framework of digital evidence in criminal proceedings - case study |h [elektronikus dokumentum] : |b Albania : [abstract] / |c Cami Giola |
| 260 | |a Szegedi Tudományegyetem Állam- és Jogtudományi Doktori Iskola |b Szeged |c 2022 | ||
| 300 | |a 23 | ||
| 490 | 0 | |a Szegedi Jogász Doktorandusz Konferenciák |v 12 | |
| 490 | 0 | |a Az állam és jog digitális környezete a 21. században |v 12 | |
| 650 | 4 | |a Társadalomtudományok | |
| 650 | 4 | |a Jogtudomány | |
| 695 | |a Büntetőeljárás - bizonyítás - Albánia - előadáskivonat | ||
| 711 | |a Az állam és jog digitális környezete a 21. században |c Online |d 2022. május 13. | ||
| 856 | 4 | 0 | |u http://acta.bibl.u-szeged.hu/77786/1/szegedi_jogasz_doktorandusz_konf_012_023.pdf |z Dokumentum-elérés |